Statistics for Manchester City - Liverpool 2019-20

Click here to take the quiz!

General Stats

  • This quiz has been taken 196 times
    (195 since last reset)
  • The average score is 26 of 33

Answer Stats

Answer% Correct
Ederson
98%
Mohamed Salah
98%
Alisson
97%
Sadio Mané
97%
Roberto Firmino
96%
Trent Alexander-Arnold
96%
Virgil van Dijk
96%
Kyle Walker
95%
Andrew Robertson
94%
Raheem Sterling ¹
94%
Fabinho
93%
Jordan Henderson
93%
Kevin De Bruyne ¹
91%
Joe Gomez
89%
Gabriel Jesus
88%
Jürgen Klopp
85%
Pep Guardiola
85%
Aymeric Laporte
81%
Georginio Wijnaldum
80%
İlkay Gündoğan
80%
Phil Foden ¹
80%
Rodri
80%
Bernardo Silva
77%
Divock Origi
66%
João Cancelo
65%
Riyad Mahrez
65%
Benjamin Mendy
64%
Alex Oxlade-Chamberlain
57%
Naby Keita
56%
Nicolás Otamendi
54%
Takumi Minamino
28%
Eric Garcia
25%
Neco Williams
18%

Score Distribution

Percentile by Number Answered

Percent of People with Each Score

Your Score History

You have not taken this quiz since the last reset